| 000 | 01367cad a22002175a 4500 | ||
|---|---|---|---|
| 001 | L156656 | ||
| 008 | 120618e20120304xxkd f s f000 0 eng d | ||
| 035 | _a(Sirsi) u156656 | ||
| 041 | 0 | _aeng | |
| 110 | 1 |
_aUnited Kingdom _bOffice of National Statistics _92035 |
|
| 245 | 0 | 0 |
_aNew orders in the construction industry _bfirst quarter 2012 _h[electronic resource] |
| 260 |
_a[S.l.] _bONS _c2012 |
||
| 490 |
_aONS Statistical Bulletin _v8 June 2012 |
||
| 520 | _aThis bulletin shows new orders in the construction industry for the first quarter of 2012. The total volume of all new construction orders in the first quarter of 2012 is estimated to have grown by 4.6 per cent compared with the fourth quarter of 2011, but is 3.6 per cent lower than the first quarter of 2011. In a volatile series, new orders remain at a relatively low level. There were decreases in infrastructure new work and private new housing. The volume of new orders for public new housing and public new work combined is estimated to be 41.3 per cent lower in the first quarter of 2012 than in the same period one year earlier. | ||
| 590 | _aKA | ||
| 650 | 2 | 4 | _aONS NEW CONSTRUCTION ORDERS |
| 651 | 4 |
_aGreat Britain _y1707- |
|
| 690 |
_aConstruction management _96230 |
||
| 856 | 4 | 0 |
_uhttps://www.ons.gov.uk/ons/dcp171778_266535.pdf _zView the item free of charge at www.ons.gov.uk |
| 942 | _n0 | ||
| 999 |
_c114348 _d114348 |
||